| 000 | 00357nam a22001457a 4500 | ||
|---|---|---|---|
| 020 | _qPB. | ||
| 040 | _cFIZZA ISHAQ | ||
| 082 |
_a662.06 _bGEO |
||
| 100 |
_aLINDA, DEITEL E. GEORGE. _989503 |
||
| 245 |
_aENGINEERING OF DESIGN / _cLINDA, DEITEL E. GEORGE. |
||
| 250 | _a4th ED. | ||
| 260 |
_bMC GRAW HILL, _c2009. |
||
| 300 | _a827 P. ; | ||
| 942 |
_2ddc _cBK |
||
| 999 |
_c588222 _d588222 |
||